Intergrated circuits and semiconductor Devices. (Record no. 7622)

MARC details
000 -LEADER
fixed length control field 00620nam a22001937a 4500
003 - CONTROL NUMBER IDENTIFIER
control field OSt
005 - DATE AND TIME OF LATEST TRANSACTION
control field 20220119124844.0
008 - FIXED-LENGTH DATA ELEMENTS--GENERAL INFORMATION
fixed length control field 220119b ||||| |||| 00| 0 eng d
020 ## - INTERNATIONAL STANDARD BOOK NUMBER
International Standard Book Number 070162212
040 ## - CATALOGING SOURCE
Transcribing agency DDC
082 ## - DEWEY DECIMAL CLASSIFICATION NUMBER
Classification number 530.4 DEB 1971
100 ## - MAIN ENTRY--PERSONAL NAME
Personal name Deboo j.Gordon;Burrous N.Clifford;
9 (RLIN) 15582
245 ## - TITLE STATEMENT
Title Intergrated circuits and semiconductor Devices.
Remainder of title Theory and application
Statement of responsibility, etc. Deboo j.Gordon;Burrous N.Clifford;
260 ## - PUBLICATION, DISTRIBUTION, ETC. (IMPRINT)
Place of publication, distribution, etc. United states of America,
Name of publisher, distributor, etc. Mc-Graw-Hill,
Date of publication, distribution, etc. 1971.
300 ## - PHYSICAL DESCRIPTION
Extent vii,655p;
Other physical details ill;
Dimensions 24cm;
504 ## - BIBLIOGRAPHY, ETC. NOTE
Bibliography, etc Appendix and Index are included;
650 ## - SUBJECT ADDED ENTRY--TOPICAL TERM
Topical term or geographic name as entry element Physics
9 (RLIN) 809
942 ## - ADDED ENTRY ELEMENTS (KOHA)
Source of classification or shelving scheme Dewey Decimal Classification
Koha item type Open Shelf
Holdings
Withdrawn status Lost status Source of classification or shelving scheme Damaged status Not for loan Home library Current library Date acquired Source of acquisition Inventory number Total Checkouts Barcode Date last seen Price effective from Koha item type
    Dewey Decimal Classification     MUST Main Library MUST Main Library 19/01/2022 Donation 2000/13884   2022-0067 19/01/2022 19/01/2022 Open Shelf